| 000 | 01085cab a2200217 4500 | ||
|---|---|---|---|
| 001 | ABS39729 | ||
| 008 | 090401t1988 xxu||||| |||| 00| 0 eng d | ||
| 035 | _a(Sirsi) u18642 | ||
| 041 | _aeng | ||
| 100 | _aWilliams, D. | ||
| 245 | _aLease or licence: a new recipe for disaster? | ||
| 260 | _c1988 | ||
| 350 | _a0 | ||
| 490 |
_aEstates Gazette _v(8836) 10 September 1988, 20-31(5) |
||
| 520 | _aDiscusses the question of whether an agreement constitutes a lease or a licence in the light of the decision in Antoniades v Villiers (See Abstract 38931). Begins by outlining the background to the case before examining the implications for the decisions in Street v Mountford , Somma v Hazelhurst and Aldrington Garages Ltd v Fielder . Looks at the law prior to Street v Mountford, how Street v Mountford has been applied and the criteria for differentiating between a lease and a licence. References to caselaw throughout. | ||
| 650 | _aBUSINESS TENANCIES | ||
| 650 | _aLANDLORD AND TENANT ACT 1954 | ||
| 690 |
_aLandlord and tenant _96252 |
||
| 942 | _n0 | ||
| 948 | _c04/03/1997 | ||
| 999 |
_c12405 _d12405 |
||